BRICS Capitals with No Hints - Statistics

General Stats
  • This quiz has been taken 42 times
    16 since last reset
  • The average score is 8 of 11
Answer Stats
Country Capital % Correct
Brazil Brasilia
100%
India New Delhi
100%
Russia Moscow
92%
China Beijing
83%
Egypt Cairo
67%
South Africa (executive) Pretoria
67%
Iran Tehran
67%
Ethiopia Addis Ababa
58%
United Arab Emirates Abu Dhabi
50%
South Africa (legislative) Cape Town
50%
South Africa (judicial) Bloemfontein
25%
No matching quizzes found
Score Distribution
Percent of People with Each Score
Percentile by Number Answered
Your Score History
You have not taken this quiz since the last reset